The voice of reason (Record no. 62005)

MARC details
000 -LEADER
fixed length control field 00654cam a2200193 4500
001 - CONTROL NUMBER
control field ABS61702
008 - FIXED-LENGTH DATA ELEMENTS--GENERAL INFORMATION
fixed length control field 000000n1999 000 0 eng u
035 ## - SYSTEM CONTROL NUMBER
System control number (Sirsi) u103167
100 ## - MAIN ENTRY--PERSONAL NAME
Personal name Lawson, D.
245 #4 - TITLE STATEMENT
Title The voice of reason
260 ## - PUBLICATION, DISTRIBUTION, ETC.
Date of publication, distribution, etc. 1999
490 ## - SERIES STATEMENT
Series statement Property Week
Volume/sequential designation 64(46) 26 November 1999, 38-39(2)
520 ## - SUMMARY, ETC.
Summary, etc. Looks at the benefits voice recognition software can have for small businesses, as it now has specialised vocabularies and is more affordable.
590 ## - LOCAL NOTE (RLIN)
Local note ABS
650 ## - SUBJECT ADDED ENTRY--TOPICAL TERM
Topical term or geographic name entry element VOICE RECOGNITION SOFTWARE
650 ## - SUBJECT ADDED ENTRY--TOPICAL TERM
Topical term or geographic name entry element SMALL BUSINESSES
690 ## - LOCAL SUBJECT ADDED ENTRY--TOPICAL TERM (OCLC, RLIN)
Topical term or geographic name as entry element MANAGEMENT-BUSINESS MANAGEMENT-INFORMATION MANAGEMENT
942 ## - ADDED ENTRY ELEMENTS (KOHA)
Suppress in OPAC 0
Holdings
Withdrawn status Lost status Source of classification or shelving scheme Damaged status Not for loan Home library Current library Shelving location Date acquired Total Checkouts Full call number Barcode Date last seen Copy number Price effective from Koha item type
    Dewey Decimal Classification     London London Journal article 15/12/1999   ABS61702 103167-1001 06/08/2019 1 06/08/2019 Journal article